[Event "World Youth Open U16 2016"]
[Site "Khanty-Mansiysk RUS"]
[Date "2016.09.22"]
[Round "1.9"]
[White "Livaic, Leon"]
[Black "Anaskin, Arsenij"]
[Result "1-0"]
[WhiteTitle "FM"]
[WhiteElo "2436"]
[BlackElo "2153"]
[WhiteFideId "14531534"]
[BlackFideId "357790"]
[EventDate "2016.09.22"]

1. d4 Nf6 2. c4 e6 3. Nc3 Bb4 4. f3 c5 5. d5 O-O 6. e4 d6 7. Ne2 exd5 8. cxd5 a6
9. Ng3 Nbd7 10. Be2 b5 11. O-O c4 12. Be3 Bc5 13. Bxc5 Nxc5 14. b4 cxb3 15. axb3
Qb6 16. Kh1 b4 17. Nb1 a5 18. Nd2 Bd7 19. f4 Qa7 20. Bc4 Rfe8 21. Qc2 Ng4 22.
Qb2 Nf6 23. Rf3 Ncxe4 24. Ngxe4 Nxe4 25. Nxe4 Rxe4 1-0

[Event "World Youth Open U16 2016"]
[Site "Khanty-Mansiysk RUS"]
[Date "2016.09.23"]
[Round "2.33"]
[White "Anaskin, Arsenij"]
[Black "Zubehhin, Aleksei"]
[Result "1-0"]
[WhiteElo "2153"]
[BlackElo "1866"]
[WhiteFideId "357790"]
[BlackFideId "4503554"]
[EventDate "2016.09.22"]

1. e4 e6 2. d4 d5 3. Nd2 c5 4. exd5 exd5 5. Ngf3 Nc6 6. Bb5 Be6 7. O-O Bd6 8.
dxc5 Bxc5 9. Nb3 Qb6 10. Nfd4 Ne7 11. Be3 Bxd4 12. Nxd4 Qc7 13. Nxe6 fxe6 14.
Qg4 Nf5 15. Rfe1 O-O 16. Bf4 Qf7 17. c3 a6 18. Bd3 Rae8 19. Be5 Kh8 20. Re2 Nxe5
21. Rxe5 Qf6 22. Rae1 Nd6 23. Qg3 g6 24. R5e3 e5 25. Qf3 Qxf3 26. gxf3 d4 27.
Rxe5 Rxe5 28. Rxe5 dxc3 29. bxc3 Rxf3 30. Rd5 Rf6 31. c4 Kg7 32. Kg2 Nf5 33.
Rd7+ Rf7 34. Bxf5 gxf5 35. Rxf7+ Kxf7 36. Kf3 Ke6 37. Kf4 h6 38. Ke3 b5 39. cxb5
axb5 40. Kd4 Kd6 41. a3 h5 42. f4 h4 43. h3 Kc6 44. Ke5 Kd7 45. Kxf5 Ke7 1-0

[Event "World Youth Open U16 2016"]
[Site "Khanty-Mansiysk RUS"]
[Date "2016.09.23"]
[Round "2.34"]
[White "Zamar Kodelja, Jurij"]
[Black "Herath, H M A K"]
[Result "1-0"]
[WhiteElo "2126"]
[BlackElo "1860"]
[WhiteFideId "14609649"]
[BlackFideId "9910859"]
[EventDate "2016.09.22"]

1. d4 d5 2. c4 e6 3. Nc3 c5 4. cxd5 exd5 5. Nf3 Nc6 6. g3 Nf6 7. Bg2 Be7 8. O-O
O-O 9. Bg5 cxd4 10. Nxd4 h6 11. Be3 Re8 12. Rc1 Bg4 13. h3 Be6 14. Nxe6 fxe6 15.
f4 Qd7 16. Bf2 Red8 17. Qd3 Rac8 18. Rfd1 b6 19. e4 dxe4 20. Qxd7 Rxd7 21. Rxd7
Nxd7 22. Nxe4 Ndb8 23. Bf1 Kf7 24. Nd2 Rd8 25. Nf3 Bf6 26. Bb5 Rd6 27. b3 Ne7
28. Rc7 a6 29. Be2 b5 30. a4 bxa4 31. bxa4 a5 32. Kg2 Nc6 33. Bc4 g6 34. g4 Ke8
35. Bb5 Kf8 36. Bc5 Rd5 37. Rxc6 Kf7 38. Bxe7 Kxe7 39. Bc4 Rd6 40. Rxd6 Kxd6 41.
g5 hxg5 42. fxg5 Bg7 43. Bd3 e5 44. Bxg6 Ke6 45. Be4 Kf7 46. h4 1-0

[Event "World Youth Open U16 2016"]
[Site "Khanty-Mansiysk RUS"]
[Date "2016.09.25"]
[Round "4.30"]
[White "Anaskin, Arsenij"]
[Black "Garbowski, Jakub"]
[Result "1-0"]
[WhiteElo "2153"]
[BlackElo "2030"]
[WhiteFideId "357790"]
[BlackFideId "1164929"]
[EventDate "2016.09.22"]

1. e4 c5 2. Nf3 e6 3. d4 cxd4 4. Nxd4 Nf6 5. Nc3 d6 6. g3 Be7 7. Bg2 O-O 8. O-O
a6 9. a4 Nc6 10. h3 Qc7 11. Nde2 Rb8 12. g4 b5 13. axb5 axb5 14. g5 Nd7 15. f4
b4 16. Na4 Re8 17. h4 Nb6 18. b3 Nxa4 19. Rxa4 Qb6+ 20. Kh1 Ba6 21. Bf3 Bb5 22.
Ra1 d5 23. e5 Bc5 24. Kg2 Ne7 25. Rh1 Rbc8 26. Rh3 Nf5 27. h5 Ne3+ 28. Bxe3 Bxe3
29. g6 fxg6 30. hxg6 h6 31. f5 exf5 32. Ng3 Rxe5 33. Rh5 Qe6 34. Ra5 d4 35. Rxb5
Rxb5 36. Be2 Qc6+ 37. Kh3 Re5 38. Bd3 Rf8 39. Nxf5 Bg5 40. Bc4+ Re6 41. Nxd4 Qc5
42. Qe2 Rf6 43. Nxe6 Qf5+ 44. Kg2 1-0

[Event "World Youth Open U16 2016"]
[Site "Khanty-Mansiysk RUS"]
[Date "2016.09.25"]
[Round "4.41"]
[White "Petersen, Caleb"]
[Black "Min, Po-Yen"]
[Result "1/2-1/2"]
[WhiteElo "1884"]
[BlackElo "1842"]
[WhiteFideId "2622734"]
[BlackFideId "16300203"]
[EventDate "2016.09.22"]

1. e4 e6 2. d4 d5 3. Nc3 Bb4 4. Ne2 Nf6 5. a3 Bxc3+ 6. Nxc3 Nxe4 7. Nxe4 dxe4 8.
c3 O-O 9. Bc4 Qf6 10. Qe2 Qf5 11. g4 Qf3 12. Qxf3 exf3 13. Bf4 c6 14. Kd2 b6 15.
Ke3 Bb7 16. Rhd1 Nd7 17. Kxf3 c5+ 18. Kg3 cxd4 19. Rxd4 Nf6 20. Re1 Rfd8 21.
Rxd8+ Rxd8 22. f3 h6 23. a4 Rc8 24. Bb3 Bd5 25. Bc2 Nd7 26. Bd6 Nc5 27. Bxc5
Rxc5 28. Re3 Kf8 29. b3 Rc7 30. f4 Rd7 31. Rd3 Bc6 32. Rxd7 Bxd7 33. Kf3 Ke7 34.
Ke3 Kd6 35. b4 Bc6 36. c4 e5 37. h4 f6 38. g5 hxg5 39. fxg5 fxg5 40. hxg5 1/2-1/2

[Event "World Youth Open U16 2016"]
[Site "Khanty-Mansiysk RUS"]
[Date "2016.09.26"]
[Round "5.1"]
[White "Martirosyan, Haik M."]
[Black "Tabatabaei, M.amin"]
[Result "1-0"]
[WhiteTitle "IM"]
[BlackTitle "IM"]
[WhiteElo "2470"]
[BlackElo "2493"]
[WhiteFideId "13306553"]
[BlackFideId "12521213"]
[EventDate "2016.09.22"]

1. d4 Nf6 2. c4 g6 3. Nf3 Bg7 4. g3 c6 5. Nc3 d5 6. Qb3 Qb6 7. Bg2 O-O 8. O-O
Rd8 9. Rd1 Bf5 10. Ne1 Qxb3 11. axb3 Na6 12. cxd5 cxd5 13. Ra5 Be4 14. f3 Bf5
15. g4 Bc8 16. g5 Ne8 17. Rxd5 Rxd5 18. Nxd5 Be6 19. Ne3 Bxb3 20. Rd3 Ba4 21. f4
Nd6 22. Nd5 Bb5 23. Rd2 e6 24. Nc3 Rc8 25. e3 Bc6 26. Bxc6 Rxc6 27. Kg2 Nb4 28.
Kf3 h6 29. gxh6 Bxh6 30. e4 f5 31. exf5 gxf5 32. Rg2+ Kf7 33. Be3 Bg7 34. Ne2
Ne4 35. Nc1 Nf6 36. Ncd3 Nxd3 37. Nxd3 Nd5 38. h4 Rc4 39. Bg1 Bf6 40. h5 Nb4 41.
Ne5+ Bxe5 42. fxe5 Rc8 43. Be3 Nd5 44. h6 Rg8 45. Rh2 Rh8 46. Bc1 Rh7 47. Rg2
Ne7 48. Bd2 Nd5 49. Rg3 Kf8 50. Rg6 Kf7 51. Rg1 Kf8 52. Rc1 Rc7 53. Rg1 Rh7 54.
Kg3 Kg8 55. Kh4+ Kh8 56. Kh5 Rc7 57. Kg6 f4 58. Rf1 Kg8 59. Rxf4 Ne7+ 60. Kf6
Nd5+ 61. Kxe6 Nxf4+ 62. Bxf4 Rc6+ 63. Ke7 Rc7+ 64. Kd6 Rc6+ 65. Kd7 Rc4 66. Be3 1-0

[Event "World Youth Open U16 2016"]
[Site "Khanty-Mansiysk RUS"]
[Date "2016.09.26"]
[Round "5.2"]
[White "Triapishko, Olexandr"]
[Black "Moroni, Luca Jr"]
[Result "0-1"]
[BlackTitle "FM"]
[WhiteElo "2458"]
[BlackElo "2459"]
[WhiteFideId "14122286"]
[BlackFideId "865834"]
[EventDate "2016.09.22"]

1. e4 e6 2. d3 d5 3. Nd2 Nf6 4. Ngf3 c5 5. g3 Nc6 6. Bg2 g6 7. O-O Bg7 8. exd5
Nxd5 9. c3 O-O 10. Re1 b6 11. a4 Qc7 12. Nc4 Ba6 13. h4 Rad8 14. Qe2 Rfe8 15. h5
e5 16. Qf1 Nde7 17. hxg6 hxg6 18. Be3 Nf5 19. Nfd2 Nxe3 20. fxe3 Na5 21. Rad1
Nxc4 22. dxc4 f5 23. e4 Bh6 24. Qe2 f4 25. Bh3 fxg3 26. Nf3 Bf4 27. Kg2 Bb7 28.
b3 Bc6 29. Nh4 Qh7 30. Rxd8 Rxd8 31. Be6+ Kg7 32. Nf3 Kf6 33. Rh1 Qg7 34. Bg4
Qe7 35. Bh3 Qd6 36. Re1 Qd3 37. b4 Qxe2+ 38. Rxe2 Rd3 39. b5 Bb7 40. Re1 Rxc3
41. Bd7 Rxc4 42. Bc6 Rc2+ 43. Kg1 Bc8 0-1

[Event "World Youth Open U16 2016"]
[Site "Khanty-Mansiysk RUS"]
[Date "2016.09.26"]
[Round "5.3"]
[White "Maghsoodloo, Parham"]
[Black "Elistratov, Semen"]
[Result "1-0"]
[BlackTitle "FM"]
[WhiteElo "2566"]
[BlackElo "2371"]
[WhiteFideId "12539929"]
[BlackFideId "24134325"]
[EventDate "2016.09.22"]

1. Nf3 d5 2. g3 g6 3. Bg2 Bg7 4. d4 Nf6 5. O-O O-O 6. c4 dxc4 7. Na3 c3 8. bxc3
c5 9. Bb2 Nc6 10. Qa4 Bd7 11. dxc5 Ne5 12. Qb3 Nxf3+ 13. Bxf3 Rb8 14. c4 Bc6 15.
Rfd1 Qc8 16. Nb5 Bxf3 17. Nxa7 Qxc5 18. Bd4 Qh5 19. exf3 e5 20. Bb2 e4 21. Kg2
exf3+ 22. Qxf3 Ng4 23. h3 Bxb2 24. hxg4 Qc5 25. Rab1 Bg7 26. Nb5 Qxc4 27. a3 b6
28. Rb4 Qa2 29. Nc7 Qc2 30. Nd5 Qc5 31. Rdb1 b5 32. a4 Rfd8 33. Rxb5 Rxb5 34.
Rxb5 Qc4 35. Ra5 Bd4 36. Qe4 Kg7 37. g5 Rb8 38. Rb5 Rd8 39. Ra5 Rb8 40. Rb5 Rd8
41. Qh4 Kh8 42. Qf4 Kg7 43. Qh4 Kh8 44. Qf4 Kg7 45. Nb4 Qe6 46. Qf3 Rc8 47. a5
Rc3 48. Qf4 Rc4 49. Rd5 Rxb4 50. Rxd4 Rb1 51. Rd6 Qf5 52. Qd4+ f6 53. Rxf6 Qxg5
54. Rf5+ 1-0

[Event "World Youth Open U16 2016"]
[Site "Khanty-Mansiysk RUS"]
[Date "2016.09.26"]
[Round "5.4"]
[White "Urban, Konstantin"]
[Black "Sorokin, Aleksey"]
[Result "0-1"]
[BlackTitle "FM"]
[WhiteElo "2361"]
[BlackElo "2437"]
[WhiteFideId "12927511"]
[BlackFideId "24176460"]
[EventDate "2016.09.22"]

1. e4 c5 2. Nf3 d6 3. d4 cxd4 4. Nxd4 Nf6 5. Nc3 a6 6. Bg5 Nbd7 7. Qe2 h6 8.
Bxf6 Nxf6 9. O-O-O e5 10. Nf5 g6 11. Ne3 Be6 12. Ned5 Nxd5 13. Nxd5 Rc8 14. Kb1
Rc5 15. h4 h5 16. g3 Bxd5 17. exd5 f5 18. f3 Bg7 19. g4 hxg4 20. fxg4 Rxh4 21.
Rxh4 Qxh4 22. gxf5 gxf5 23. Bg2 e4 24. c3 Kd8 25. Qd2 Qg4 26. Bh3 Bxc3 27. bxc3
Qxh3 28. Qg5+ Kc8 29. Rc1 Qd3+ 30. Ka1 Qxd5 31. Rh1 Kb8 0-1

[Event "World Youth Open U16 2016"]
[Site "Khanty-Mansiysk RUS"]
[Date "2016.09.26"]
[Round "5.12"]
[White "Livaic, Leon"]
[Black "Mirzoyan, David"]
[Result "1-0"]
[WhiteTitle "FM"]
[BlackTitle "FM"]
[WhiteElo "2436"]
[BlackElo "2322"]
[WhiteFideId "14531534"]
[BlackFideId "13308386"]
[EventDate "2016.09.22"]

1. d4 Nf6 2. c4 e6 3. Nc3 Bb4 4. f3 c5 5. d5 d6 6. e4 O-O 7. Ne2 b5 8. Nf4 exd5
9. cxd5 a6 10. Be2 Nbd7 11. O-O c4 12. Be3 Qc7 13. Qd2 Bc5 14. Rfb1 Ne5 15. Kh1
Bxe3 16. Qxe3 h6 17. Bf1 b4 18. Nd1 Nfd7 19. Rc1 a5 20. Nd3 f5 21. exf5 Rxf5 22.
f4 Ba6 23. N1f2 Nf7 24. Qe4 g6 25. Ng4 Qd8 26. Ndf2 Nf6 27. Qe6 Kg7 28. Bxc4 Bc8
29. Qe3 h5 30. Nxf6 Qxf6 31. Ne4 Qe7 32. Qd4+ Kh7 33. Ng3 Rf6 34. Re1 Qd8 35.
Bd3 Bg4 36. h3 h4 37. Ne4 Rxf4 38. hxg4 Ne5 39. Rf1 Rxg4 40. Be2 1-0

[Event "World Youth Open U16 2016"]
[Site "Khanty-Mansiysk RUS"]
[Date "2016.09.28"]
[Round "6.1"]
[White "Moroni, Luca Jr"]
[Black "Martirosyan, Haik M."]
[Result "0-1"]
[WhiteTitle "FM"]
[BlackTitle "IM"]
[WhiteElo "2459"]
[BlackElo "2470"]
[WhiteFideId "865834"]
[BlackFideId "13306553"]
[EventDate "2016.09.22"]

1. c4 Nf6 2. Nc3 e6 3. e4 e5 4. Nf3 Nc6 5. d4 exd4 6. Nxd4 Bb4 7. Nxc6 Bxc3+ 8.
bxc3 dxc6 9. Qxd8+ Kxd8 10. f3 Be6 11. Be3 Nd7 12. O-O-O Kc8 13. f4 f6 14. Be2
Re8 15. g4 Bg8 16. Bd3 b6 17. h4 Kb7 18. g5 a6 19. Kb2 b5 20. c5 f5 21. e5 Bd5
22. Bxf5 Nxe5 23. fxe5 Rxe5 24. Bd4 Rxf5 25. Rhf1 Rxf1 26. Rxf1 Re8 27. Rf2 g6
28. a3 a5 29. Rh2 Re4 30. Bf6 Rc4 31. Bd4 b4 32. axb4 axb4 33. Re2 bxc3+ 34.
Bxc3 Rxh4 35. Re7 Ka6 36. Bd2 Kb5 37. Be3 Kc4 38. Rxc7 Rh2+ 39. Kb1 Kc3 40. Re7
Rh1+ 41. Bc1 Bc4 0-1

[Event "World Youth Open U16 2016"]
[Site "Khanty-Mansiysk RUS"]
[Date "2016.09.28"]
[Round "6.2"]
[White "Pultinevicius, Paulius"]
[Black "Maghsoodloo, Parham"]
[Result "0-1"]
[WhiteElo "2351"]
[BlackElo "2566"]
[WhiteFideId "12809390"]
[BlackFideId "12539929"]
[EventDate "2016.09.22"]

1. d4 Nf6 2. c4 g6 3. f3 d5 4. cxd5 Nxd5 5. e4 Nb6 6. Nc3 Bg7 7. Be3 O-O 8. f4
Nc6 9. d5 Nb8 10. Nf3 e6 11. dxe6 Bxe6 12. Qc2 Nc6 13. Rd1 Qe7 14. Qf2 Rfd8 15.
Rxd8+ Rxd8 16. Bc5 Qd7 17. Be2 Nc4 18. O-O Nxb2 19. Nd5 Bxd5 20. exd5 Qxd5 21.
Be3 Re8 22. Ne5 Nxe5 23. fxe5 Nc4 24. Bxc4 Qxc4 25. Rc1 Qd5 26. Rxc7 Bxe5 27.
Rc1 b6 28. a4 Qe4 0-1

[Event "World Youth Open U16 2016"]
[Site "Khanty-Mansiysk RUS"]
[Date "2016.09.28"]
[Round "6.3"]
[White "Tabatabaei, M.amin"]
[Black "Laurent-Paoli, Pierre"]
[Result "1-0"]
[WhiteTitle "IM"]
[BlackTitle "FM"]
[WhiteElo "2493"]
[BlackElo "2305"]
[WhiteFideId "12521213"]
[BlackFideId "26017962"]
[EventDate "2016.09.22"]

1. e4 c6 2. d4 d5 3. e5 Bf5 4. Nf3 e6 5. Be2 Nd7 6. O-O Bg6 7. a4 Ne7 8. a5 a6
9. b4 Nc8 10. c3 Na7 11. Bd3 Be7 12. Bxg6 hxg6 13. Re1 Nb5 14. Qd3 b6 15. axb6
Qxb6 16. Bg5 a5 17. Nbd2 Nc7 18. bxa5 Rxa5 19. Rab1 Qa7 20. c4 Ra3 21. Rb3 Rxb3
22. Qxb3 Bxg5 23. Nxg5 Ke7 24. cxd5 Nxd5 25. Qc4 Qa5 26. Nge4 Qb5 27. Qc2 Nf4
28. Kh1 Qd5 29. Nf3 Ra8 30. Qd2 Nh5 31. g4 c5 32. gxh5 gxh5 33. dxc5 Qxd2 34.
Nexd2 Nxc5 35. Kg2 Ra7 36. Kg3 Ra4 37. h3 g6 38. Rc1 Nd3 39. Rc7+ Kf8 40. Rc4
Ra3 41. Kg2 Ra5 42. Re4 Kg7 43. h4 Kg8 44. Kg3 Kg7 45. Re3 Nb4 46. Ne4 Nd5 47.
Rb3 Ra4 48. Nfg5 Ra7 49. Nd6 f6 50. Nxe6+ Kh6 51. Rb8 Kh7 52. exf6 Nxf6 53. Ng5+
Kg7 54. Ne8+ Nxe8 55. Rxe8 Rb7 56. Rc8 Re7 57. Rc7 1-0

[Event "World Youth Open U16 2016"]
[Site "Khanty-Mansiysk RUS"]
[Date "2016.09.28"]
[Round "6.4"]
[White "Sorokin, Aleksey"]
[Black "Zhu, Yi"]
[Result "1-0"]
[WhiteTitle "FM"]
[BlackTitle "FM"]
[WhiteElo "2437"]
[BlackElo "2296"]
[WhiteFideId "24176460"]
[BlackFideId "8607435"]
[EventDate "2016.09.22"]

1. d4 Nf6 2. c4 g6 3. Nc3 Bg7 4. e4 d6 5. Nf3 O-O 6. h3 e5 7. d5 Nh5 8. Nh2 Qe8
9. Be2 Nf4 10. Bf3 f5 11. g3 Nxh3 12. Bg2 f4 13. Nf3 g5 14. Rxh3 g4 15. Rh1 gxf3
16. Qxf3 Qg6 17. Bh3 Na6 18. gxf4 Bxh3 19. Qxh3 exf4 20. Bd2 Kh8 21. O-O-O Be5
22. Rdg1 Qf7 23. Rg5 Rae8 24. f3 Nc5 25. Kc2 a6 26. Ne2 Qe7 27. Nxf4 Bxf4 28.
Bc3+ 1-0

[Event "World Youth Open U16 2016"]
[Site "Khanty-Mansiysk RUS"]
[Date "2016.09.28"]
[Round "6.5"]
[White "Ozen, Bahadir"]
[Black "Costachi, Mihnea"]
[Result "1/2-1/2"]
[WhiteTitle "FM"]
[BlackTitle "FM"]
[WhiteElo "2304"]
[BlackElo "2420"]
[WhiteFideId "6337058"]
[BlackFideId "1217518"]
[EventDate "2016.09.22"]

1. d4 Nf6 2. Nf3 g6 3. c3 Bg7 4. Bf4 O-O 5. h3 b6 6. e3 Bb7 7. Be2 d6 8. a4 a5
9. O-O Nbd7 10. Na3 Ne4 11. Bh2 e5 12. Nb5 c6 13. Na3 Qe7 14. Nc4 Ba6 15. Re1
Bxc4 16. Bxc4 d5 17. Bf1 h5 18. c4 exd4 19. exd4 Qb4 20. Qc2 Rac8 21. Re3 Rfe8
22. cxd5 cxd5 23. Qb3 Qxb3 24. Rxb3 Re6 25. Ba6 Rc2 26. Bd3 Rc8 27. Ba6 Rc2 1/2-1/2

[Event "World Youth Open U16 2016"]
[Site "Khanty-Mansiysk RUS"]
[Date "2016.09.28"]
[Round "6.6"]
[White "Tran, Minh Thang"]
[Black "Triapishko, Olexandr"]
[Result "0-1"]
[WhiteTitle "FM"]
[WhiteElo "2293"]
[BlackElo "2458"]
[WhiteFideId "12401080"]
[BlackFideId "14122286"]
[EventDate "2016.09.22"]

1. d4 Nf6 2. c4 g6 3. g3 Bg7 4. Bg2 d5 5. cxd5 Nxd5 6. Nf3 Nb6 7. O-O Nc6 8. e3
O-O 9. Nc3 Re8 10. d5 Na5 11. Nd4 Bd7 12. e4 Rc8 13. Bf4 c5 14. Nde2 e5 15. Bc1
Nbc4 16. b3 Nd6 17. Be3 b5 18. Rc1 Nab7 19. Qd2 b4 20. Nd1 a5 21. Nb2 Bb5 22.
Rfe1 Qd7 23. a3 f5 24. f3 bxa3 25. Na4 Bxa4 26. bxa4 Qxa4 27. Nc3 Qd7 28. Qa2 a4
29. Rc2 Bf8 30. Qxa3 Ra8 31. Bf1 c4 32. Qa1 a3 33. Ra2 Na5 34. Rxa3 Nb3 35. Rxa8
Nxa1 36. Ra7 Qd8 37. Rexa1 Qf6 38. Be2 Rb8 39. Ra8 Qd8 40. Rxb8 Qxb8 41. Rb1 Qa8
42. Kf2 Be7 43. Nb5 Qa2 44. Nxd6 Qxb1 45. Nxc4 Bb4 46. Bd2 Bxd2 47. Nxd2 Qc2 48.
Ke1 Qc1+ 49. Bd1 Qc5 50. Ke2 Qg1 0-1

[Event "World Youth Open U16 2016"]
[Site "Khanty-Mansiysk RUS"]
[Date "2016.09.28"]
[Round "6.7"]
[White "Gazik, Viktor"]
[Black "Livaic, Leon"]
[Result "0-1"]
[WhiteTitle "FM"]
[BlackTitle "FM"]
[WhiteElo "2429"]
[BlackElo "2436"]
[WhiteFideId "14928752"]
[BlackFideId "14531534"]
[EventDate "2016.09.22"]

1. f4 d5 2. Nf3 g6 3. g3 Bg7 4. Bg2 c6 5. c3 Nh6 6. O-O O-O 7. Kh1 Qb6 8. Qe1
Nf5 9. g4 Nd6 10. Qh4 Nd7 11. h3 f6 12. Nd4 Nc5 13. b4 Ne6 14. e3 Bd7 15. Nb3 g5
16. Qg3 f5 17. d4 Qb5 18. Bd2 Ne4 19. Qe1 Rf6 20. Bxe4 dxe4 21. Na3 Qa6 22. Qc1
fxg4 23. b5 cxb5 24. f5 Raf8 25. hxg4 b4 26. Re1 bxa3 27. fxe6 Qxe6 28. Qd1 Rf2
29. Kg1 Qh6 0-1

[Event "World Youth Open U16 2016"]
[Site "Khanty-Mansiysk RUS"]
[Date "2016.09.28"]
[Round "6.8"]
[White "Tahbaz, Arash"]
[Black "Janik, Igor"]
[Result "1-0"]
[BlackTitle "FM"]
[WhiteElo "2420"]
[BlackElo "2322"]
[WhiteFideId "12528846"]
[BlackFideId "1159259"]
[EventDate "2016.09.22"]

1. e4 c5 2. Nf3 Nc6 3. d4 cxd4 4. Nxd4 e6 5. Nc3 Qc7 6. Nb3 a6 7. Bd3 b5 8. O-O
Bb7 9. f4 d6 10. Bd2 Nge7 11. f5 Ne5 12. Qh5 g6 13. Qh3 gxf5 14. exf5 exf5 15.
Ne2 Rg8 16. Ng3 b4 17. a3 Nxd3 18. cxd3 Qc2 19. Rf2 Qxb3 20. Nxf5 Qd5 21. Re1
Kd8 22. Ne3 Qg5 23. Bxb4 Rg6 24. Rxf7 Bg7 25. Nf5 1-0

[Event "World Youth Open U16 2016"]
[Site "Khanty-Mansiysk RUS"]
[Date "2016.09.28"]
[Round "6.9"]
[White "Mesaros, Florian"]
[Black "Raghunandan, Kaumandur Srihari"]
[Result "0-1"]
[WhiteTitle "FM"]
[BlackTitle "FM"]
[WhiteElo "2321"]
[BlackElo "2451"]
[WhiteFideId "1629220"]
[BlackFideId "25004964"]
[EventDate "2016.09.22"]

1. Nf3 d5 2. d4 c6 3. c4 e6 4. e3 Bd6 5. Bd3 f5 6. Qc2 Ne7 7. g4 fxg4 8. Nh4 g6
9. Nc3 Nf5 10. Nxf5 gxf5 11. Bd2 Na6 12. a3 Nc7 13. O-O-O Qf6 14. h3 h5 15. e4
fxe4 16. Bxe4 Bd7 17. Bg6+ Ke7 18. Ne2 dxc4 19. h4 Kf8 20. Bg5 Qf3 21. Qxc4 Kg7
22. Qc2 Nd5 23. Ng3 Bxg3 24. fxg3 Ne3 25. Bxe3 Qxe3+ 26. Kb1 Raf8 27. Rde1 Qxg3
28. Re5 Rf2 29. Qc5 Kxg6 30. Qe7 Rf5 31. Rxf5 Qd3+ 32. Ka1 Qxf5 33. Qxd7 Qd5 34.
Qxd5 exd5 35. Rf1 Re8 0-1

[Event "World Youth Open U16 2016"]
[Site "Khanty-Mansiysk RUS"]
[Date "2016.09.28"]
[Round "6.10"]
[White "Gholami, Aryan"]
[Black "Yordanov, Lachezar"]
[Result "1-0"]
[WhiteTitle "FM"]
[WhiteElo "2435"]
[BlackElo "2300"]
[WhiteFideId "12513342"]
[BlackFideId "2918927"]
[EventDate "2016.09.22"]

1. e4 c6 2. c4 d5 3. exd5 cxd5 4. d4 Nf6 5. Nc3 e6 6. Nf3 Be7 7. Bd3 O-O 8. O-O
Nc6 9. a3 dxc4 10. Bxc4 a6 11. Bg5 h6 12. Bh4 b5 13. Ba2 Bb7 14. Rc1 Rc8 15. Qd3
Qd7 16. Rcd1 Rfd8 17. Bb1 g6 18. Qe3 Kg7 19. Ne5 Qe8 20. Bxf6+ Bxf6 21. Ng4 Bg5
22. f4 Be7 23. f5 Bg5 24. f6+ Kh7 25. Qf2 Qf8 26. Ne4 Rd5 27. h4 1-0

[Event "World Youth Open U16 2016"]
[Site "Khanty-Mansiysk RUS"]
[Date "2016.09.28"]
[Round "6.11"]
[White "Agmanov, Zhandos"]
[Black "Lobanov, Sergei"]
[Result "1/2-1/2"]
[WhiteTitle "FM"]
[WhiteElo "2316"]
[BlackElo "2432"]
[WhiteFideId "13708309"]
[BlackFideId "24183750"]
[EventDate "2016.09.22"]

1. e4 c5 2. Nf3 e6 3. d4 cxd4 4. Nxd4 Nf6 5. Nc3 d6 6. Bg5 a6 7. Qd2 h6 8. Bxf6
Qxf6 9. f4 Nc6 10. Nf3 g5 11. fxg5 hxg5 12. Qxg5 Qxg5 13. Nxg5 Bd7 14. Nf3 Bg7
15. O-O-O Ke7 16. Na4 Bh6+ 17. Kb1 Be3 18. Nc3 Rag8 19. g3 Ne5 20. Nxe5 dxe5 21.
Bd3 Rh3 22. Bf1 Rh6 23. Bg2 Bc6 24. Rde1 Bd4 25. Nd1 f5 26. c3 Ba7 27. Bf3 f4
28. Kc1 Rgh8 29. h4 fxg3 30. h5 Bb5 31. Rh3 Rg8 32. Bg2 Rg5 33. Reh1 Be8 34. Kd2
Rgxh5 35. Rxh5 Rxh5 36. Rxh5 Bxh5 37. Ne3 Kf6 38. Nc2 Kg5 39. Ne1 Bb8 40. Nd3
Bd6 41. b3 Bg4 42. Ne1 b6 43. Bf1 Kf6 1/2-1/2

[Event "World Youth Open U16 2016"]
[Site "Khanty-Mansiysk RUS"]
[Date "2016.09.28"]
[Round "6.12"]
[White "Askerov, Marat"]
[Black "Fakhrutdinov, Timur"]
[Result "0-1"]
[WhiteTitle "FM"]
[BlackTitle "FM"]
[WhiteElo "2299"]
[BlackElo "2419"]
[WhiteFideId "24175200"]
[BlackFideId "24176702"]
[EventDate "2016.09.22"]

1. d4 Nf6 2. c4 e6 3. Nf3 d5 4. g3 Bb4+ 5. Nbd2 dxc4 6. a3 Bxd2+ 7. Bxd2 Bd7 8.
Qc2 Bc6 9. Qxc4 Bxf3 10. exf3 O-O 11. Bg2 Nc6 12. Be3 e5 13. dxe5 Nxe5 14. Qb5
Qd5 15. Qxd5 Nxd5 16. O-O-O c6 17. Bd4 Rfe8 18. f4 Nc4 19. Rhe1 a6 20. Kc2 f6
21. Bc5 Ncb6 22. b3 Kf7 23. Bf3 Rxe1 24. Rxe1 Rd8 25. Bg4 Re8 26. Rxe8 Kxe8 27.
Kd3 Nd7 28. Bd6 Ne7 29. Kd4 Nc8 30. Bc7 Ke7 31. a4 Nd6 32. h4 g6 33. Be2 Nf5+
34. Kc4 Nd6+ 35. Kc3 Ne4+ 36. Kd4 Nec5 37. Kc4 b5+ 38. Kb4 Ne6 39. Ba5 Kd6 40.
Kc3 f5 41. Kd2 Nd4 42. Bd1 Kd5 43. axb5 axb5 44. Ke3 Nc5 45. b4 Na4 46. h5 Nc3
47. Bf3+ Nxf3 48. Kxf3 gxh5 49. Kg2 h4 50. Kh3 hxg3 51. fxg3 Ke4 52. Kh4 Ne2 53.
Bc7 h5 54. Kxh5 Nxg3+ 55. Kg5 Ne2 56. Bd6 Nc1 57. Be7 Nd3 58. Bd6 Kd5 59. Be7
Ke6 60. Bf8 Nf2 61. Kh4 Ne4 62. Bg7 Nf6 63. Bf8 Kf7 64. Bc5 Ne4 65. Bd4 Ke6 66.
Kh5 Kd5 67. Be3 Nc3 68. Kg5 Ke6 69. Bd4 Ne4+ 70. Kg6 Ng3 71. Bf2 Ne2 72. Be3 Nc3
73. Bd2 Nd5 74. Kg5 Ne7 75. Be3 Ng8 76. Bd4 Ne7 77. Be3 Nd5 78. Bd2 Nb6 79. Be3
Nc4 80. Bd4 Kd5 81. Bc5 Ke4 82. Bf8 Nd2 83. Bd6 Nf1 84. Bc5 Ng3 85. Be7 Ne2 86.
Bd6 Nc3 87. Be5 Nd5 88. Bd6 Ne3 89. Bc5 Nc2 90. Be7 Ne1 91. Kf6 Nd3 92. Ke6
Nxf4+ 93. Kd6 Nd5 94. Bd8 Nxb4 95. Ba5 Nd3 96. Kxc6 b4 0-1

[Event "World Youth Open U16 2016"]
[Site "Khanty-Mansiysk RUS"]
[Date "2016.09.28"]
[Round "6.13"]
[White "Saydaliev, Saidakbar"]
[Black "Hilby, Craig"]
[Result "0-1"]
[BlackTitle "FM"]
[WhiteElo "2403"]
[BlackElo "2319"]
[WhiteFideId "14203693"]
[BlackFideId "2062674"]
[EventDate "2016.09.22"]

1. e4 g6 2. d4 Bg7 3. Nc3 d6 4. f4 a6 5. Nf3 b5 6. a3 Nd7 7. Be3 Bb7 8. e5 Nh6
9. Bd3 O-O 10. O-O c5 11. dxc5 Ng4 12. Qe1 dxe5 13. Nxe5 Ndxe5 14. fxe5 Bxe5 15.
Kh1 Qc7 16. Qe2 Nxh2 17. Rf2 f5 18. Kg1 f4 19. Bd2 f3 0-1